| 000 | 01017nam a2200277 a 4500 | ||
|---|---|---|---|
| 001 | 000005330 | ||
| 005 | 20240514195118.0 | ||
| 008 | 090819s1992 sp 001 0 spa d | ||
| 020 | _a848685220X | ||
| 040 |
_aDO-SdBNP _bspa _cBNPHU |
||
| 082 |
_a305.26 _bA662v |
||
| 100 | 1 |
_aL. Aranguren , José Luis, _d1909- _915119 |
|
| 245 | 1 | 3 |
_aLa vejez como autorealización personal y social. / _cJosé Luis L. Aranguren ; prólogo Eduardo López-Aranguren. |
| 260 |
_aMadrid, España : _bInstituto Nacional de Servicios Sociales, _c1992. |
||
| 300 |
_a90 p. ; _c24 cm. |
||
| 490 | 1 | _aDocumentos técnicos | |
| 500 | _aIncluye referencias bibliográficas y notas al pie de las páginas | ||
| 650 | 4 |
_aAncianos _xPsicología _915120 |
|
| 650 | 4 |
_aVejez _zAspectos Sociales _915121 |
|
| 650 | 4 |
_aGerontología _915122 |
|
| 650 | 0 |
_a Calidad de vida _985379 |
|
| 700 | 1 | 2 |
_aLópez-Aranguren, Eduardo, _epról. _915123 |
| 830 | 0 |
_aDocumentos técnicos _915124 |
|
| 910 | _aValidado. Control de calidad. MFF | ||
| 049 | _aBNGR | ||
| 999 |
_c5131 _d5131 |
||